José Lidón: estudio biográfico y musicológico / (Record no. 186933)

MARC details
000 -LEADER
campo de control de longitud fija 01041nam a2200265 i 4500
001 - NÚMERO DE CONTROL
campo de control 186933
003 - IDENTIFICADOR DE NÚMERO DE CONTROL
campo de control ES-MaACL
005 - FECHA Y HORA DE LA ÚLTIMA TRANSACCIÓN
campo de control 20230906222756.0
008 - DATOS DE LONGITUD FIJA--INFORMACIÓN GENERAL
campo de control de longitud fija 170302s2015 sp ab |||| |bspa d
020 ## - NÚMERO INTERNACIONAL ESTÁNDAR DEL LIBRO
Número Internacional Estándar del Libro 978-84-931624-9-8
080 ## - NÚMERO DE LA CLASIFICACIÓN DECIMAL UNIVERSAL
Número de la Clasificación Decimal Universal 929:78 Lidón, José
100 1# - ENTRADA PRINCIPAL--NOMBRE DE PERSONA
Nombre de persona Montero García, Josefa.
9 (RLIN) 161946
245 10 - MENCIÓN DEL TÍTULO
Título José Lidón: estudio biográfico y musicológico /
Mención de responsabilidad, etc. Josefa Montero García ; [presentación, Antonio Avilés Amat].
260 ## - PUBLICACIÓN, DISTRIBUCIÓN, ETC.
Lugar de publicación, distribución, etc. [Béjar, Salamanca] :
Nombre del editor, distribuidor, etc. Centro de Estudios Bejaranos,
Fecha de publicación, distribución, etc. [2015]
300 ## - DESCRIPCIÓN FÍSICA
Extensión 56 p. :
Otras características físicas il., 1 mapa ;
Dimensiones 23 cm.
490 1# - MENCIÓN DE SERIE
Mención de serie Colección don Francés de Zúñiga ;
Designación de volumen o secuencia 3
504 ## - NOTA DE BIBLIOGRAFÍA, ETC.
Nota de bibliografía, etc. Bibliografía: p. 54-56.
596 ## - NOTA AL PIE DE IMPRENTA
NOTA AL PIE DE IMPRENTA En contracub.: Ayuntamiento de Béjar.
600 14 - PUNTO DE ACCESO ADICIONAL DE MATERIA--NOMBRE DE PERSONA
Nombre de persona Lidón, José (
Fechas asociadas al nombre 1748-1827)
9 (RLIN) 161947
700 1# - ENTRADA AGREGADA--NOMBRE PERSONAL
Nombre de persona Avilés Amat, Antonio.
9 (RLIN) 161951
710 2# - ENTRADA AGREGADA--NOMBRE DE ENTIDAD CORPORATIVA
Nombre de entidad corporativa o nombre de jurisdicción como elemento de entrada Centro de Estudios Bejaranos.
9 (RLIN) 161948
830 0# - PUNTO DE ACCESO ADICIONAL DE SERIE-TÍTULO UNIFORME
Título uniforme Colección don Francés de Zúñiga ;
Designación de volumen o secuencia 3
9 (RLIN) 192700
852 ## - LOCALIZACIÓN
Ubicación ES-MaACL
Número de control de estantería 1656-F-13
Nota libre . - Dedicatoria autógrafa de la autora
Holdings
Estatus retirado Estado de pérdida Estado de daño No para préstamo Colección Biblioteca de origen Biblioteca actual Ubicación en estantería Fecha de adquisición Fuente de adquisición Total de préstamos Signatura topográfica completa Código de barras Visto por última vez Precio de reemplazo Tipo de ítem Koha
        Colección de folletos Biblioteca del Ateneo de Madrid Biblioteca del Ateneo de Madrid Depósito folletos 02/03/2017     1656-F-13 1197175 23/02/2023 23/02/2023 Folleto